00337 a2200109 4500001001000000005001700010008004100027245005400068100002100122773006700143999001700210ART_1266020260410161908.0260409a 10aMoney and the price level under the gold standard1 aBarro, Robert J.0 tThe Economic Journalg- Vol. 89, NÂș 353 (mar. 1979)wREV12512 c26553d26553